ផែនការថ្លៃដើមឈើអារនាំចេញតាមភ្នំពេញ និងកំពង់សោម (Record no. 3056)

000 -LEADER
fixed length control field 00509nam a22001577a 4500
003 - CONTROL NUMBER IDENTIFIER
control field OSt
005 - DATE AND TIME OF LATEST TRANSACTION
control field 20151103150447.0
008 - FIXED-LENGTH DATA ELEMENTS--GENERAL INFORMATION
fixed length control field 151103b xxu||||| |||| 00| 0 eng d
040 ## - CATALOGING SOURCE
Transcribing agency RUA
082 ## - DEWEY DECIMAL CLASSIFICATION NUMBER
Classification number FOR ហួត 1992 B117 Or.1
100 ## - MAIN ENTRY--PERSONAL NAME
9 (RLIN) 3274
Personal name ហួត គង់
245 ## - TITLE STATEMENT
Title ផែនការថ្លៃដើមឈើអារនាំចេញតាមភ្នំពេញ និងកំពង់សោម
260 ## - PUBLICATION, DISTRIBUTION, ETC. (IMPRINT)
Place of publication, distribution, etc. Phnom Penh
Name of publisher, distributor, etc. RUA
Date of publication, distribution, etc. 1992
300 ## - PHYSICAL DESCRIPTION
Extent 152p.
Other physical details ill.
Dimensions 29cm.
942 ## - ADDED ENTRY ELEMENTS (KOHA)
Source of classification or shelving scheme
Koha item type FOR

No items available.

មជ្ឈមណ្ឌលឯការនៃសាកលវិទ្យាល័យភូមិន្ទកសិកម្មចំការដូង

Powered by Koha